Contemporary issues in accounting/ (Record no. 3542)

000 -LEADER
fixed length control field 01308cam a22003494a 4500
001 - CONTROL NUMBER
control field 12114970
003 - CONTROL NUMBER IDENTIFIER
control field OSt
005 - DATE AND TIME OF LATEST TRANSACTION
control field 20161013150704.0
008 - FIXED-LENGTH DATA ELEMENTS--GENERAL INFORMATION
fixed length control field 000721s2001 maua b 001 0 eng
010 ## - LIBRARY OF CONGRESS CONTROL NUMBER
LC control number 00061053
020 ## - INTERNATIONAL STANDARD BOOK NUMBER
International Standard Book Number 9780730300267 (alk. paper)
040 ## - CATALOGING SOURCE
Original cataloging agency DLC
Transcribing agency DLC
Modifying agency DLC
042 ## - AUTHENTICATION CODE
Authentication code pcc
050 00 - LIBRARY OF CONGRESS CALL NUMBER
Classification number HF5635.R36 2012
082 00 - DEWEY DECIMAL CLASSIFICATION NUMBER
Classification number 657
Edition number 21
100 ## - MAIN ENTRY--PERSONAL NAME
Personal name Rankin, Michaela
245 00 - TITLE STATEMENT
Title Contemporary issues in accounting/
Statement of responsibility, etc Michaela Rankin...(et. al.)
260 ## - PUBLICATION, DISTRIBUTION, ETC. (IMPRINT)
Place of publication, distribution, etc Australia :
Name of publisher, distributor, etc Wiley & Sons Ltd.
Place of publication, distribution, etc Australia :
Date of publication, distribution, etc c2012.
300 ## - PHYSICAL DESCRIPTION
Extent xiv, 426 p. :
Other physical details ill. ;
Dimensions 25 cm.
504 ## - BIBLIOGRAPHY, ETC. NOTE
Bibliography, etc Includes bibliographical references and index.
650 #0 - SUBJECT ADDED ENTRY--TOPICAL TERM
Topical term or geographic name as entry element Accounting.
650 #0 - SUBJECT ADDED ENTRY--TOPICAL TERM
Topical term or geographic name as entry element Accounting
General subdivision Law and legislation.
700 1# - ADDED ENTRY--PERSONAL NAME
Personal name Stanton, Patricia
Dates associated with a name 1946-
700 1# - ADDED ENTRY--PERSONAL NAME
Personal name Tilling, Mathew
700 1# - ADDED ENTRY--PERSONAL NAME
Personal name Ferlauto, Kimberly
700 1# - ADDED ENTRY--PERSONAL NAME
Personal name McGowaan, Susan
Dates associated with a name 1959-
856 42 - ELECTRONIC LOCATION AND ACCESS
Materials specified Publisher description
Uniform Resource Identifier <a href="http://www.loc.gov/catdir/enhancements/fy0819/00061053-d.html">http://www.loc.gov/catdir/enhancements/fy0819/00061053-d.html</a>
856 41 - ELECTRONIC LOCATION AND ACCESS
Materials specified Table of contents only
Uniform Resource Identifier <a href="http://www.loc.gov/catdir/enhancements/fy0819/00061053-t.html">http://www.loc.gov/catdir/enhancements/fy0819/00061053-t.html</a>
906 ## - LOCAL DATA ELEMENT F, LDF (RLIN)
a 7
b cbc
c orignew
d 1
e ocip
f 20
g y-gencatlg
942 ## - ADDED ENTRY ELEMENTS (KOHA)
Source of classification or shelving scheme
Koha item type Book
Holdings
Withdrawn status Lost status Source of classification or shelving scheme Damaged status Not for loan Home library Current library Shelving location Date acquired Total Checkouts Full call number Barcode Date last seen Copy number Price effective from Koha item type
          Riara University Library Riara University Library General stack 13/10/2016   HF5635.R36 2012 8580/16 13/10/2016 C.1 13/10/2016 Book

Riara University Library,
P.O. Box 49940-00100,
Nairobi, Kenya.